000
00256nam a22001217a 4500
008
170427b xxu||||| |||| 00| 0 eng d
041
_a
eng
080
_a
547
100
_a
12
101
_a
SHM
245
_a
ORGANISCHE CHEMIE
_c
ORAGER.B
942
_2
udc
_c
BK
999
_c
12271
_d
12271